Statistiche per Stati sovrani, non riconosciuti e territori del mondo

Clicka qui per fare il quiz!

Statistiche generali

  • Questo quiz è stato fatto 718 volte
  • Il punteggio medio è 173 su 248

Risposte nella Mappa

Le risposte nella mappa del quiz sottostante sono codificate secondo una scala di colori dal rosso al verde in base alla % di persone che hanno risposto correttamente.
 

Statistiche sulle risposte

Paese% Corretto
Canada
90%
Stati Uniti
90%
Messico
87%
Groenlandia
85%
Islanda
85%
Cina
84%
Cipro
84%
Francia
84%
Irlanda
84%
Italia
84%
Norvegia
84%
Russia
84%
Cuba
83%
Danimarca
83%
Finlandia
83%
India
83%
Portogallo
83%
Regno Unito
83%
Spagna
83%
Svezia
83%
Estonia
82%
Germania
82%
Malta
82%
Mongolia
82%
Svizzera
82%
Albania
81%
Australia
81%
Belgio
81%
Brasile
81%
Cile
81%
Corea del Nord
81%
Corea del Sud
81%
Giappone
81%
Grecia
81%
Iran
81%
Iraq
81%
Kosovo
81%
Lettonia
81%
Lituania
81%
Paesi Bassi
81%
Polonia
81%
Romania
81%
Turchia
81%
Argentina
80%
Austria
80%
Bielorussia
80%
Bulgaria
80%
Città del Vaticano
80%
Colombia
80%
Croazia
80%
Kazakistan
80%
Moldavia
80%
Perù
80%
San Marino
80%
Serbia
80%
Ucraina
80%
Afghanistan
79%
Arabia Saudita
79%
Armenia
79%
Bolivia
79%
Bosnia ed Erzegovina
79%
Ecuador
79%
Egitto
79%
Haiti
79%
Indonesia
79%
Lussemburgo
79%
Macedonia del Nord
79%
Marocco
79%
Nepal
79%
Palestina
79%
Paraguay
79%
Repubblica Ceca
79%
Slovacchia
79%
Slovenia
79%
Taiwan
79%
Ungheria
79%
Uruguay
79%
Venezuela
79%
Yemen
79%
Algeria
78%
Azerbaigian
78%
Emirati Arabi Uniti
78%
Georgia
78%
Guyana
78%
Israele
78%
Laos
78%
Libia
78%
Madagascar
78%
Montenegro
78%
Nuova Zelanda
78%
Oman
78%
Pakistan
78%
Panama
78%
Repubblica Dominicana
78%
Siria
78%
Sudafrica
78%
Tunisia
78%
Andorra
77%
Cambogia
77%
Filippine
77%
Guatemala
77%
Papua Nuova
Guinea
77%
Repubblica del Congo
77%
Repubblica Democratica del Congo
77%
Somalia
77%
Suriname
77%
Turkmenistan
77%
Vietnam
77%
Bangladesh
76%
Belize
76%
Bhutan
76%
Etiopia
76%
Giordania
76%
Honduras
76%
Libano
76%
Liechtenstein
76%
Malesia
76%
Nicaragua
76%
Niger
76%
Sri Lanka
76%
Sudan
76%
Tagikistan
76%
Thailandia
76%
Uzbekistan
76%
Bahamas
75%
El Salvador
75%
Eritrea
75%
Giamaica
75%
Kirghizistan
75%
Mauritania
75%
Nigeria
75%
Qatar
75%
Ciad
74%
Guinea
74%
Kenya
74%
Lesotho
74%
Maldive
74%
Mali
74%
Myanmar
74%
Sud Sudan
74%
Zambia
74%
Zimbabwe
74%
Angola
73%
Capo Verde
73%
Liberia
73%
Monaco
73%
Tanzania
73%
Costa Rica
72%
Kuwait
72%
Repubblica Centrafricana
72%
Togo
72%
Uganda
72%
Camerun
71%
eSwatini
71%
Figi
71%
Guyana Francese
71%
Mauritius
71%
Namibia
71%
Ruanda
71%
Saint Lucia
71%
Senegal
71%
Seychelles
71%
Stati Federati di Micronesia
71%
Trinidad e Tobago
71%
Botswana
70%
Costa d'Avorio
70%
Guinea Equatoriale
70%
Malawi
70%
Mozambico
70%
Nauru
70%
Samoa
70%
Benin
69%
Burkina Faso
69%
Burundi
69%
Comore
69%
Dominica
69%
Gabon
69%
Gambia
69%
Ghana
69%
Gibuti
69%
Guinea-Bissau
69%
Isole Marshall
69%
Kiribati
69%
Palau
69%
Saint Kitts e Nevis
69%
Singapore
69%
São Tomé e Príncipe
68%
Tuvalu
68%
Brunei
67%
Isole Salomone
67%
Sahara Occidentale
67%
Tonga
67%
Vanuatu
67%
Antigua e Barbuda
66%
Barbados
66%
Saint Vincent e Grenadine
66%
Isole Faroe
65%
Sierra Leone
65%
Grenada
64%
Timor Est
64%
Bahrein
62%
Cipro del Nord
60%
Polinesia Francese
60%
Somaliland
60%
Isole Falkland
58%
Porto Rico
58%
Transnistria
57%
Svalbard e Jan Mayen
55%
Bermuda
52%
Isola di Man
52%
Sant'Elena, Ascensione e Tristan da Cunha
52%
Aruba
50%
Hong Kong
50%
Nuova Caledonia
50%
Abcasia
48%
Gibilterra
48%
Isole Vergini Americane
48%
Ossezia del Sud
47%
Guam
46%
Isole Vergini Britanniche
46%
Curaçao
45%
Isola di Natale
45%
Isole Cook
45%
Niue
45%
Samoa Americane
45%
Artsakh
44%
Isole Cayman
43%
Martinica
42%
Riunione
41%
Guadalupa
40%
Macao
39%
Paesi Bassi Caraibici
38%
Anguilla
37%
Jersey
36%
Montserrat
36%
Isole Pitcairn
35%
Mayotte
35%
Isola Norfolk
34%
Saint Martin
34%
Tokelau
34%
Guernsey
32%
Isole Turks e Caicos
32%
Isole Cocos (Keeling)
31%
Isole Marianne Settentrionali
31%
Wallis e Futuna
31%
Saint Pierre e Miquelon
28%
Saint Barthélemy
24%
Sint Maarten
24%

Distribuzione punteggi

Percentile per numero di risposta

Percentuale di utenti per punteggio

I tuoi punteggi nel tempo

Non hai fatto questo quiz